00628nam a22001937a 450000500170000001000250001702000260004203500130006803500170008103700270009803700130012508200080013810000180014624501220016426000420028627000570032830000310038570000180041620150521121232.0 aBAC-EN21 ENG-112172 a9789350946770c785.00 aEN-95704 aB-587000-021 bMallika Books/Venadpl bDBAD/PUB a660 aGupta, Nikhil aGATE (Graduate Aptitude Test in Engineering) tutor 2014 :cby Nikhil Gupta [and] Abhinav Jainbchemical engineering / aNew DelhibArihant Publicationsc2014 a4577/15, Agarwal Road, DaryaganjbNew Delhie110002 avarious pagingsc28cm(pbk) aJain, Abhinav